Graham Kennedy Filmography - Statistics

General Stats
  • This quiz has been taken 5 times
  • The average score is 3 of 32
Answer Stats
Type Year Name % Correct
TV Show 1957-1969 In Melbourne Tonight
75%
TV Show 1977-1978 Blankety Blanks
50%
Film 1976 Don's Party
50%
TV Show 1972-1975 The Graham Kennedy Show
50%
TV Show 1990 Australia's Funniest Home Video Show
25%
TV Show 1980 Kingswood Country
25%
Film 1980 The Club
25%
Film 1979 The Odd Angry Shot
25%
TV Show 1959 Adelaide Tonight
0%
TV Show 1959 BP Super Show
0%
TV Show 1980 Cabaret
0%
TV Show 1975 Celebrity Squares
0%
TV Show 1980 Celebrity Tattle Tales
0%
TV Show 1984 Five Mile Creek
0%
TV Special 2005 Graham Kennedy: Farewell to the King
0%
TV Show 1988-1989 Graham Kennedy's News Show
0%
TV Show 1965-1966 In Perth Tonight
0%
Film 1987 Les Patterson Saves the World
0%
TV Mini-Series 1976 Power Without Glory
0%
TV Mini-Series 1983 Silent Reach
0%
Film 1984 Stanley: Every Home Should Have One
0%
Documentary Series 1982 The Blainey View
0%
TV Special 1959 The Bob Dyer Show
0%
Film 1975 The Box
0%
TV Show 1976, 1983 The Don Lane Show
0%
TV Show 1960 The General Motors Hour
0%
Film 1984 The Killing Fields
0%
TV Show 1981 The Love Boat
0%
TV Show 1970 The Mike Walsh Show
0%
Film 1983 The Return of Captain Invincible
0%
Film 1966 They're a Weird Mob
0%
Film 1987 Travelling North
0%
No matching quizzes found
Score Distribution
Percent of People with Each Score
Percentile by Number Answered
Your Score History
You have not taken this quiz